书目信息 |
| 题名: |
三国志
|
|
| 作者: | 陈寿晋 | |
| 分册: | ||
| 出版信息: | 北京 中华书局 21888 |
|
| 页数: | 305页 | |
| 开本: | 20cm | |
| 丛书名: | ||
| 单 册: | ||
| 中图分类: | K224.05 | |
| 科图分类: | ||
| 主题词: | 中国--古代史--奴隶社会 | |
| 电子资源: | ||
| ISBN: | ||
| 000 | 00484nam0 2200181 450 | |
| 001 | 0728815141 | |
| 005 | 20070819080015.14 | |
| 010 | @d¥4.70 | |
| 100 | @a20070819d km y0chiy0120 ea | |
| 101 | 0 | @achi |
| 200 | 1 | @a三国志@Asan guo zhi@f陈寿[晋]@Fchen shou[jin] |
| 210 | @a北京@c中华书局@d21888 | |
| 215 | @a305页@d20cm | |
| 606 | 0 | @a中国@x古代史@x奴隶社会 |
| 690 | @aK224.05@v3 | |
| 701 | 0 | @a陈寿晋@Achen shou jin |
| 801 | 0 | @aCN@bPFT@c20070819 |
| 905 | @a213230@dK224.05@eZW44:4@f1 | |
| 三国志/陈寿[晋].-北京:中华书局,21888 |
| 305页;20cm |
| ISBN :¥4.70 |
| ● |
| 相关链接 |
|
|
|
|
正题名:三国志
索取号:K224.05/ZW44:4
 
预约/预借
| 序号 | 登录号 | 条形码 | 馆藏地/架位号 | 状态 | 备注 |
| 1 | 7601801 | 276018015 | 密集书库-文学院/ [索取号:K224.05/ZW44:4] | 在馆 |